书目信息 |
| 题名: |
大学生心理健康学
|
|
| 作者: | 吴继霞 , 黄辛隐 主编 | |
| 分册: | ||
| 出版信息: | 上海 学林出版社 2007.05 |
|
| 页数: | 295页 | |
| 开本: | 24cm | |
| 丛书名: | ||
| 单 册: | ||
| 中图分类: | B844.2 | |
| 科图分类: | ||
| 主题词: | 大学生--da xue sheng--心理健康 | |
| 电子资源: | ||
| ISBN: | 978-7-80730-363-3 | |
| 000 | 00895nam0 2200241 450 | |
| 001 | 012008298068 | |
| 005 | 20080901171853.25 | |
| 010 | @a978-7-80730-363-3@dCNY24.80 | |
| 100 | @a20080901d2007 em y0chiy0120 ea | |
| 101 | 0 | @achi |
| 102 | @aCN@b310000 | |
| 105 | @ay z 000yy | |
| 106 | @ar | |
| 200 | 1 | @a大学生心理健康学@Ada xue sheng xin li jian kang xue@f吴继霞, 黄辛隐主编@Fwu ji xia,huang xin yin zhu bian |
| 210 | @a上海@c学林出版社@d2007.05 | |
| 215 | @a295页@d24cm | |
| 330 | @a本书分为12章,内容包括:心理健康与大学生成材、大学生的自我意识与自我成长、大学生的人格与心理健康、大学生的情绪健康、大学生的适应与发展、大学生的学习与心理健康、大学生的人际交往等。 | |
| 606 | 0 | @a大学生@Ada xue sheng@x心理健康 |
| 690 | @aB844.2@v4 | |
| 701 | 0 | @a吴继霞@Awu ji xia@4主编 |
| 701 | 0 | @a黄辛隐@Ahuang xin yin@4主编 |
| 801 | 0 | @aCN@bQSSK@c20080901 |
| 905 | @b733466-68@dB844.2@eW807@f3 | |
| 大学生心理健康学/吴继霞, 黄辛隐主编.-上海:学林出版社,2007.05 |
| 295页;24cm |
| ISBN 978-7-80730-363-3:CNY24.80 |
| 本书分为12章,内容包括:心理健康与大学生成材、大学生的自我意识与自我成长、大学生的人格与心理健康、大学生的情绪健康、大学生的适应与发展、大学生的学习与心理健康、大学生的人际交往等。 |
| ● |
| 相关链接 |
|
|
|
正题名:大学生心理健康学
索取号:B844.2/W807
 
预约/预借
| 序号 | 登录号 | 条形码 | 馆藏地/架位号 | 状态 | 备注 |
| 1 | 733466 | 207334669 | 社科库509/422社科库 44排3列4层/ [索取号:B844.2/W807] | 在馆 | |
| 2 | 733467 | 207334678 | 社科库509/422社科库 44排3列4层/ [索取号:B844.2/W807] | 在馆 | |
| 3 | 733468 | 207334687 | 社科库509/509社科库 38排4列4层/ [索取号:B844.2/W807] | 在馆 |